[Event "Fredericia WIM 2019"]
[Site "Fredericia"]
[Date "2019.05.30"]
[Round "3.1"]
[White "Sorensen, Hampus"]
[Black "Ahlander, IM Björn"]
[Result "1-0"]
[WhiteElo "2343"]
[BlackElo "2421"]
[Annotator "ChessBase"]
[PlyCount "73"]
[EventDate "2019.05.29"]
[EventType "tourn"]
[EventCountry "DEN"]
[SourceTitle "playchess.com"]
[Source "ChessBase"]
[SourceQuality "1"]
[TimeControl "40/5400+30:1800+30"]

1. d4 Nf6 2. c4 e6 3. Nf3 d5 4. Bg5 Be7 5. e3 h6 6. Bxf6 Bxf6 7. Qc2 c5 8. cxd5 cxd4 9. Bb5+ Bd7 10. dxe6 Bxb5 11. exf7+ Kd7 12. Qf5+ Kc6 13. a4 Ba6 14. Na3 Qd5 15. Nxd4+ Bxd4 16. Rc1+ Bc5 17. f8=Q Rxf8 18. Qxf8 Kb6 19. a5+ Kc6 20. b4 Nd7 21. Qxa8 Qxg2 22. Rxc5+ Kd6 23. Qd8 Qxh1+ 24. Kd2 Qf3 25. Nc2 Qxf2+ 26. Kc1 Bb5 27. Qc7+ Ke7 28. Qxb7 Bd3 29. Kb2 Qxh2 30. Kb3 Qd2 31. Nd4 Qf2 {[%emt 1:42:17]} 32. Nc2 {[%emt 1:39:06]} Qd2 {[%emt 0:02:25]} 33. Nd4 {[%emt 0:02:00]} Qd1+ {[%emt 0:01:02]} 34. Kc3 {[%emt 0:00:02]} a6 {[%emt 0:00:30]} 35. Re5+ {[%emt 0:00:30]} Kf8 {[%emt 0:00:30]} 36. Qc8+ {[%emt 0:00:30]} Kf7 {[%emt 0:00:30]} 37. Qe8+ {[%emt 0:00:30]} 1-0

[Event "Fredericia WIM 2019"]
[Site "Fredericia"]
[Date "2019.05.30"]
[Round "3.6"]
[White "Mayrhuber, Nikola"]
[Black "Sahl, Sheila Barth"]
[Result "0-1"]
[WhiteElo "1985"]
[BlackElo "2127"]
[Annotator "ChessBase"]
[PlyCount "38"]
[EventDate "2019.05.29"]
[EventType "tourn"]
[EventCountry "DEN"]
[SourceTitle "playchess.com"]
[Source "ChessBase"]
[SourceQuality "1"]
[TimeControl "40/5400+30:1800+30"]

1. d4 {[%emt 0:00:00]} Nf6 {[%emt 0:00:00]} 2. c4 {[%emt 0:00:00]} g6 {[%emt 0:00:00]} 3. Nc3 {[%emt 0:00:00]} d5 {[%emt 0:00:03]} 4. Bg5 {[%emt 0:00:15]} Bg7 {[%emt 0:00:42]} 5. e3 {[%emt 0:03:26]} c5 {[%emt 0:02:43]} 6. cxd5 {[%emt 0:00:52]} Nxd5 {[%emt 0:02:43]} 7. Bb5+ {[%emt 0:08:33]} Nc6 {[%emt 0:02:32]} 8. Qa4 {[%emt 0:06:19]} O-O {[%emt 0:05:59]} 9. Bxc6 {[%emt 0:05:45]} bxc6 {[%emt 0:02:31]} 10. Nge2 {[%emt 0:07:21]} cxd4 {[%emt 0:06:38]} 11. exd4 {[%emt 0:05:31]} Nxc3 {[%emt 0:06:18]} 12. bxc3 {[%emt 0:01:06]} Qd5 {[%emt 0:03:29]} 13. Be3 {[%emt 0:13:35]} Qxg2 {[%emt 0:01:12]} 14. Rg1 {[%emt 0:00:50]} Qe4 {[%emt 0:02:26]} 15. Ng3 {[%emt 0:04:30]} Qd3 {[%emt 0:01:36]} 16. Qxc6 {[%emt 0:03:33]} Rb8 {[%emt 0:00:30]} 17. Rc1 {[%emt 0:01:44]} Rb1 {[%emt 0:00:41]} 18. Ne2 {[%emt 0:00:51]} Ba6 {[%emt 0:02:39]} 19. Qf3 {[%emt 0:05:13]} Rxc1+ {[%emt 0:00:46]} 0-1

[Event "Fredericia WIM 2019"]
[Site "Fredericia"]
[Date "2019.05.30"]
[Round "3.7"]
[White "Kanakova, Natalie"]
[Black "Kakulidis, Ellen"]
[Result "1-0"]
[WhiteElo "2205"]
[BlackElo "2014"]
[Annotator "ChessBase"]
[PlyCount "81"]
[EventDate "2019.05.29"]
[EventType "tourn"]
[EventCountry "DEN"]
[SourceTitle "playchess.com"]
[Source "ChessBase"]
[SourceQuality "1"]
[TimeControl "40/5400+30:1800+30"]

1. Nf3 {[%emt 0:00:00]} d5 {[%emt 0:00:00]} 2. e3 {[%emt 0:00:00]} e6 {[%emt 0:00:00]} 3. c4 {[%emt 0:00:06]} Nf6 {[%emt 0:00:00]} 4. b3 {[%emt 0:01:10]} Bd6 {[%emt 0:00:00]} 5. Bb2 {[%emt 0:00:29]} b6 {[%emt 0:00:00]} 6. Nc3 {[%emt 0:00:37]} a6 {[%emt 0:00:05]} 7. g3 {[%emt 0:00:54]} O-O {[%emt 0:02:39]} 8. Bg2 {[%emt 0:00:19]} Bb7 {[%emt 0:00:29]} 9. O-O {[%emt 0:00:53]} Nbd7 {[%emt 0:00:45]} 10. Qe2 {[%emt 0:03:18]} Re8 {[%emt 0:00:47]} 11. d4 {[%emt 0:11:27]} Rc8 {[%emt 0:09:44]} 12. Rfd1 {[%emt 0:03:21]} Qe7 {[%emt 0:05:14]} 13. Nd2 {[%emt 0:06:54]} c5 {[%emt 0:11:18]} 14. dxc5 {[%emt 0:02:24]} Nxc5 {[%emt 0:10:25]} 15. b4 {[%emt 0:06:22]} Ncd7 {[%emt 0:05:46]} 16. a3 {[%emt 0:01:27]} Ne5 {[%emt 0:02:44]} 17. cxd5 {[%emt 0:03:54]} exd5 {[%emt 0:00:41]} 18. Nb3 {[%emt 0:02:07]} Nc4 {[%emt 0:04:57]} 19. Nd4 {[%emt 0:09:38]} Nxb2 {[%emt 0:03:53]} 20. Qxb2 {[%emt 0:00:06]} g6 {[%emt 0:02:13]} 21. Qb3 {[%emt 0:06:08]} Qe5 {[%emt 0:02:49]} 22. Nde2 {[%emt 0:04:06]} Be7 {[%emt 0:21:00]} 23. Rd4 {[%emt 0:10:37]} b5 {[%emt 0:05:42]} 24. Rad1 {[%emt 0:01:04]} Rc4 {[%emt 0:05:20]} 25. Nxd5 {[%emt 0:03:13]} Nxd5 {[%emt 0:00:22]} 26. Bxd5 {[%emt 0:00:06]} Bxd5 {[%emt 0:00:04]} 27. Rxd5 {[%emt 0:00:06]} Qe4 {[%emt 0:01:08]} 28. R5d4 {[%emt 0:05:26]} Rxd4 {[%emt 0:00:37]} 29. Rxd4 {[%emt 0:00:17]} Qc6 {[%emt 0:00:43]} 30. Qd3 {[%emt 0:02:43]} Bf8 {[%emt 0:01:39]} 31. Rd7 {[%emt 0:01:45]} Qf6 {[%emt 0:01:22]} 32. Nf4 {[%emt 0:03:24]} Rc8 {[%emt 0:00:29]} 33. Qd5 {[%emt 0:01:11]} Rc1+ {[%emt 0:02:09]} 34. Kg2 {[%emt 0:00:04]} Rc3 {[%emt 0:00:33]} 35. e4 {[%emt 0:03:39]} Rxa3 {[%emt 0:00:43]} 36. e5 {[%emt 0:00:11]} Qf5 {[%emt 0:00:20]} 37. Rd8 {[%emt 0:04:41]} Qg5 {[%emt 0:00:57]} 38. Qd6 {[%emt 0:00:38]} Qh6 {[%emt 0:00:30]} 39. e6 {[%emt 0:00:24]} fxe6 {[%emt 0:00:51]} 40. Nxe6 {[%emt 0:00:23]} Rf3 {[%emt 0:00:26]} 41. Kxf3 {[%emt 0:30:23]} 1-0

[Event "Fredericia WIM 2019"]
[Site "Fredericia"]
[Date "2019.05.30"]
[Round "3.8"]
[White "Guindy, Esmat Susanne"]
[Black "Sucikova, Svetlana"]
[Result "0-1"]
[WhiteElo "2156"]
[BlackElo "2110"]
[Annotator "ChessBase"]
[PlyCount "62"]
[EventDate "2019.05.29"]
[EventType "tourn"]
[EventCountry "DEN"]
[SourceTitle "playchess.com"]
[Source "ChessBase"]
[SourceQuality "1"]
[TimeControl "40/5400+30:1800+30"]

1. d4 d5 2. c4 e6 3. Nc3 Nf6 4. Bg5 c6 5. e3 {[%emt 0:04:10]} Nbd7 {[%emt 0:00:41]} 6. cxd5 {[%emt 0:00:23]} exd5 {[%emt 0:00:30]} 7. Bd3 {[%emt 0:00:10]} Be7 {[%emt 0:00:09]} 8. Qc2 {[%emt 0:00:13]} O-O {[%emt 0:00:30]} 9. Nge2 {[%emt 0:00:22]} Re8 {[%emt 0:01:01]} 10. h3 {[%emt 0:09:25]} Nf8 {[%emt 0:00:12]} 11. g4 {[%emt 0:02:56]} Qa5 {[%emt 0:10:04]} 12. O-O-O {[%emt 0:03:22]} b5 {[%emt 0:03:16]} 13. Rdg1 {[%emt 0:08:26]} Ba6 {[%emt 0:03:15]} 14. Bxf6 {[%emt 0:02:23]} Bxf6 {[%emt 0:00:37]} 15. g5 {[%emt 0:00:37]} Be7 {[%emt 0:02:36]} 16. Nf4 {[%emt 0:01:40]} Bd6 {[%emt 0:18:06]} 17. Bxh7+ {[%emt 0:19:35]} Kh8 {[%emt 0:00:12]} 18. Nh5 {[%emt 0:01:45]} b4 {[%emt 0:00:27]} 19. Nb1 {[%emt 0:10:22]} Qxa2 {[%emt 0:04:07]} 20. b3 {[%emt 0:05:56]} Qa1 {[%emt 0:16:36]} 21. Qf5 {[%emt 0:13:06]} Ne6 {[%emt 0:01:42]} 22. g6 {[%emt 0:02:04]} Nxd4 {[%emt 0:03:17]} 23. exd4 {[%emt 0:01:08]} Re2 {[%emt 0:00:05]} 24. gxf7 {[%emt 0:07:42]} Qb2+ {[%emt 0:00:29]} 25. Kd1 {[%emt 0:00:08]} Qxd4+ {[%emt 0:01:04]} 26. Kc1 {[%emt 0:00:08]} Qb2+ {[%emt 0:00:46]} 27. Kd1 {[%emt 0:00:07]} Qxb3+ {[%emt 0:01:24]} 28. Kc1 {[%emt 0:00:07]} Qb2+ {[%emt 0:03:49]} 29. Kd1 {[%emt 0:00:04]} Bb5 {[%emt 0:00:18]} 30. Qc2 {[%emt 0:03:44]} Rxc2 {[%emt 0:00:43]} 31. Bxc2 {[%emt 0:00:05]} b3 {[%emt 0:00:18]} 0-1

[Event "Fredericia WIM 2019"]
[Site "Fredericia"]
[Date "2019.05.30"]
[Round "3.9"]
[White "Kubicka, Anna"]
[Black "Keetman, Maaike"]
[Result "1-0"]
[WhiteElo "2142"]
[BlackElo "2146"]
[Annotator "ChessBase"]
[PlyCount "165"]
[EventDate "2019.05.29"]
[EventType "tourn"]
[EventCountry "DEN"]
[SourceTitle "playchess.com"]
[Source "ChessBase"]
[SourceQuality "1"]
[TimeControl "40/5400+30:1800+30"]

1. d4 {[%emt 0:00:00]} Nf6 {[%emt 0:00:00]} 2. c4 {[%emt 0:00:02]} e6 {[%emt 0:00:00]} 3. Nc3 {[%emt 0:00:41]} Bb4 {[%emt 0:00:00]} 4. Qc2 {[%emt 0:00:06]} b6 {[%emt 0:00:11]} 5. a3 {[%emt 0:01:04]} Bxc3+ {[%emt 0:00:15]} 6. Qxc3 {[%emt 0:00:05]} Bb7 {[%emt 0:00:21]} 7. Bg5 {[%emt 0:01:29]} h6 {[%emt 0:00:54]} 8. Bh4 {[%emt 0:00:32]} g5 {[%emt 0:01:19]} 9. Bg3 {[%emt 0:00:07]} Ne4 {[%emt 0:00:15]} 10. Qc2 {[%emt 0:01:37]} d6 {[%emt 0:02:20]} 11. e3 {[%emt 0:01:27]} Nd7 {[%emt 0:04:16]} 12. f3 {[%emt 0:03:03]} Nxg3 {[%emt 0:00:37]} 13. hxg3 {[%emt 0:00:02]} f5 {[%emt 0:04:54]} 14. g4 {[%emt 0:14:49]} Qf6 {[%emt 0:03:28]} 15. gxf5 {[%emt 0:00:58]} exf5 {[%emt 0:00:38]} 16. Bd3 {[%emt 0:01:19]} Rf8 {[%emt 0:02:46]} 17. Ne2 {[%emt 0:02:53]} Qe6 {[%emt 0:17:58]} 18. O-O-O {[%emt 0:05:28]} O-O-O {[%emt 0:04:44]} 19. Kb1 {[%emt 0:02:18]} g4 {[%emt 0:24:31]} 20. Ng3 {[%emt 0:10:21]} gxf3 {[%emt 0:03:45]} 21. Nxf5 {[%emt 0:02:34]} fxg2 {[%emt 0:02:42]} 22. Rxh6 {[%emt 0:00:25]} Rf6 {[%emt 0:01:41]} 23. d5 {[%emt 0:01:00]} Qe5 {[%emt 0:02:06]} 24. Rxf6 {[%emt 0:02:49]} Qxf6 {[%emt 0:00:26]} 25. Qxg2 {[%emt 0:00:55]} Ne5 {[%emt 0:00:55]} 26. Nd4 {[%emt 0:06:57]} Qh6 {[%emt 0:04:32]} 27. Qe4 {[%emt 0:07:19]} Rg8 {[%emt 0:07:21]} 28. Rh1 {[%emt 0:03:41]} Qf6 {[%emt 0:02:30]} 29. Qh7 {[%emt 0:04:21]} Re8 {[%emt 0:02:46]} 30. Nb5 {[%emt 0:11:14]} Qf7 {[%emt 0:02:16]} 31. Qxf7 {[%emt 0:01:50]} Nxf7 {[%emt 0:00:04]} 32. Rh7 {[%emt 0:02:12]} a6 {[%emt 0:03:49]} 33. Nxc7 {[%emt 0:02:47]} Rxe3 {[%emt 0:00:54]} 34. Rxf7 {[%emt 0:02:20]} Rxd3 {[%emt 0:00:05]} 35. Ne8 {[%emt 0:00:24]} Kb8 {[%emt 0:01:26]} 36. Nxd6 {[%emt 0:00:35]} Ba8 {[%emt 0:00:13]} 37. Rf8+ {[%emt 0:03:32]} Kc7 {[%emt 0:00:49]} 38. Rxa8 {[%emt 0:03:51]} Kxd6 {[%emt 0:00:07]} 39. Rxa6 {[%emt 0:00:49]} Kc5 {[%emt 0:00:05]} 40. Ra4 {[%emt 0:00:50]} b5 {[%emt 0:00:46]} 41. cxb5 {[%emt 0:30:40]} Kxb5 {[%emt 0:30:26]} 42. Rb4+ {[%emt 0:00:51]} Ka5 {[%emt 0:00:25]} 43. Kc2 {[%emt 0:00:42]} Rxd5 {[%emt 0:00:44]} 44. Rc4 {[%emt 0:00:00]} Kb5 {[%emt 0:00:00]} 45. Rc3 {[%emt 0:00:00]} Rd4 {[%emt 0:00:00]} 46. Kb3 {[%emt 0:00:00]} Rh4 {[%emt 0:00:00]} 47. Rg3 {[%emt 0:00:00]} Rf4 {[%emt 0:00:00]} 48. a4+ {[%emt 0:00:00]} Ka5 {[%emt 0:00:00]} 49. Rg5+ {[%emt 0:00:00]} Ka6 {[%emt 0:00:00]} 50. Rc5 {[%emt 0:00:00]} Rf2 {[%emt 0:00:00]} 51. Ka3 {[%emt 0:00:00]} Rf1 {[%emt 0:00:00]} 52. Kb4 {[%emt 0:00:00]} Rf4+ {[%emt 0:00:00]} 53. Rc4 {[%emt 0:00:00]} Rf5 {[%emt 0:00:00]} 54. Rc6+ {[%emt 0:00:00]} Kb7 {[%emt 0:00:00]} 55. Rc5 {[%emt 0:00:00]} Rf2 {[%emt 0:00:00]} 56. b3 {[%emt 0:00:00]} Rf3 {[%emt 0:00:00]} 57. a5 {[%emt 0:00:00]} Ka6 {[%emt 0:00:00]} 58. Rc6+ {[%emt 0:00:00]} Kb7 {[%emt 0:00:00]} 59. Rb6+ {[%emt 0:00:00]} Kc7 {[%emt 0:00:00]} 60. Ka4 {[%emt 0:00:00]} Rf4+ {[%emt 0:00:00]} 61. b4 {[%emt 0:00:00]} Rf5 {[%emt 0:00:00]} 62. Rb5 {[%emt 0:00:00]} Rf1 {[%emt 0:00:00]} 63. Rc5+ {[%emt 0:00:00]} Kb7 {[%emt 0:00:00]} 64. Kb5 {[%emt 0:00:00]} Rb1 {[%emt 0:00:00]} 65. a6+ {[%emt 0:00:00]} Ka7 {[%emt 0:00:00]} 66. Rc7+ {[%emt 0:00:00]} Kb8 {[%emt 0:00:00]} 67. Rh7 {[%emt 0:00:00]} Rb2 {[%emt 0:00:00]} 68. Ka5 {[%emt 0:00:00]} Rb1 {[%emt 0:00:00]} 69. b5 {[%emt 0:00:00]} Rg1 {[%emt 0:00:00]} 70. Rd7 {[%emt 0:00:00]} Rg6 {[%emt 0:00:00]} 71. Rb7+ {[%emt 0:00:00]} Ka8 {[%emt 0:00:00]} 72. Rb6 {[%emt 0:00:00]} Rg1 {[%emt 0:00:00]} 73. Rc6 {[%emt 0:00:00]} Rg5 {[%emt 0:00:00]} 74. Kb6 {[%emt 0:00:00]} Rg8 {[%emt 0:00:00]} 75. Rc5 {[%emt 0:00:00]} Rb8+ {[%emt 0:00:00]} 76. Ka5 {[%emt 0:00:00]} Ka7 {[%emt 0:00:00]} 77. b6+ {[%emt 0:00:00]} Ka8 {[%emt 0:00:00]} 78. b7+ {[%emt 0:00:00]} Ka7 {[%emt 0:00:00]} 79. Rc8 {[%emt 0:00:00]} Rxc8 {[%emt 0:00:00]} 80. bxc8=B {[%emt 0:00:00]} Kb8 {[%emt 0:00:00]} 81. Kb6 {[%emt 0:00:00]} Ka8 {[%emt 0:00:00]} 82. Bb7+ {[%emt 0:00:00]} Kb8 {[%emt 0:00:00]} 83. a7# {[%emt 0:00:00]} 1-0

[Event "Fredericia WIM 2019"]
[Site "Fredericia"]
[Date "2019.05.30"]
[Round "3.10"]
[White "Nilssen, Ellen Fredericia"]
[Black "Stolberg-Rohr, Thomine"]
[Result "1-0"]
[WhiteElo "2129"]
[BlackElo "2025"]
[Annotator "ChessBase"]
[PlyCount "123"]
[EventDate "2019.05.29"]
[EventType "tourn"]
[EventCountry "DEN"]
[SourceTitle "playchess.com"]
[Source "ChessBase"]
[SourceQuality "1"]
[TimeControl "40/5400+30:1800+30"]

1. d4 Nf6 2. c4 e6 3. Nc3 Bb4 4. e3 O-O 5. Nge2 d5 6. a3 Be7 7. Ng3 Nbd7 8. cxd5 exd5 9. b4 Re8 10. Bd3 a5 11. Rb1 axb4 12. axb4 Nb6 13. O-O Be6 14. Qb3 Qd7 15. Nge2 Bf5 16. Bxf5 Qxf5 17. Ng3 Qd7 18. Rd1 Bd6 19. Nf1 h5 20. Bd2 h4 21. h3 Qf5 22. Nb5 Ne4 23. Be1 Nc4 24. f3 Ng5 25. Nxd6 cxd6 26. Qd3 Qf6 27. Rdc1 Ra2 28. Ra1 Nxf3+ 29. gxf3 Qg5+ 30. Bg3 Rb2 31. f4 Qh5 32. Bf2 Qf3 33. Rc2 Qxh3 34. Rxb2 Qg4+ 35. Kh2 Nxb2 36. Qc2 Nc4 37. Qd1 Qf5 38. Qf3 Qc2 39. Kh1 Qc3 40. Re1 Qxb4 41. f5 Re4 42. f6 g6 43. Nh2 Nd2 44. Qh3 Qb5 45. Bxh4 Re6 46. Ng4 Qd3 47. Nf2 Qf5 48. Qxf5 gxf5 49. Rg1+ Kf8 50. Bg5 Nf3 51. Bh6+ Ke8 52. Rg8+ Kd7 53. Bg7 Rxe3 54. Rf8 Nxd4 55. Rxf7+ Kc6 56. Rf8 Ne6 57. Re8 Re1+ 58. Kh2 Nxg7 59. Rxe1 Nh5 60. Re8 Ng7 61. Re1 {[%emt 2:25:33]} Nh5 {[%emt 2:29:48]} 62. f7 {[%emt 0:00:08]} 1-0

[Event "Fredericia WIM 2019"]
[Site "Fredericia"]
[Date "2019.05.31"]
[Round "4.6"]
[White "Sahl, Sheila Barth"]
[Black "Stolberg-Rohr, Thomine"]
[Result "1-0"]
[WhiteElo "2127"]
[BlackElo "2146"]
[Annotator "TA"]
[PlyCount "79"]
[EventDate "2019.05.29"]
[EventType "tourn"]
[EventCountry "DEN"]
[SourceTitle "playchess.com"]
[Source "ChessBase"]
[SourceQuality "1"]

{[%evp 16,79,2,-16,1,-12,-7,-8,-15,-16,21,-33,0,13,25,-16,-8,-14,0,-4,6,0,8,-31,-20,-24,0,0,0,-87,-20,-122,-49,-93,-80,-106,-58,-129,-66,-118,-79,-59,-56,-56,-23,-63,0,-47,-51,-70,0,0,0,-10,7,0,0,0,275,299,433,425,510,521,568,554]} 1. d4 Nf6 2. Bf4 d5 3. e3 c5 4. Nf3 Nc6 5. c3 Qb6 6. Qc1 Bf5 7. Qd1 Bc8 8. Qc1 Bf5 9. Be2 h6 {D02: 1 d4 d5 2 Nf3 sidelines, including 2...Nf6 3 g3 and 2...Nf6 3 Bf4} 10. h3 e6 11. O-O Be7 {The position is equal.} 12. Nbd2 {[%cal Bb1d2,Bd2b3,Bb3d4][%mdl 32]} g5 $146 ({Predecessor:} 12... O-O 13. a3 Rfc8 14. dxc5 Bxc5 15. b4 {½-½ (37) Demidov,M (2520)-Laznicka,V (2675) Skopje 2018}) 13. Be5 (13. dxc5 $11 Bxc5 14. Bh2) 13... Rg8 14. dxc5 Qxc5 15. Nb3 Qb6 16. Nbd4 g4 17. hxg4 Bxg4 18. Nxc6 bxc6 19. Re1 Ne4 20. Nd2 Bh3 21. Bf3 (21. Bf1 {keeps more tension.} Bf5 22. Bd3 h5 23. Qc2 Nxd2 24. Qxd2 Bxd3 25. Qxd3 Rg6 26. e4) 21... Ng5 22. Bg3 (22. Bd1 $11) 22... Bf5 (22... Nxf3+ $17 23. Nxf3 Bg4) 23. b4 (23. Bd1 $11 {keeps the balance.}) 23... Rd8 (23... Nxf3+ $17 24. Nxf3 a5) 24. Kh1 {[#]} h5 $1 {[%mdl 512]} 25. Be5 (25. Bxh5 $2 Rh8 $19) 25... h4 26. Bh5 Kf8 (26... Ne4 $17 27. Nxe4 Bxe4) 27. Qa3 ({White should try} 27. Rg1 $15) 27... f6 28. Bd4 c5 29. Bxc5 Bxc5 30. bxc5 Qc7 (30... Qc6 $1 $15 31. Kh2 (31. Qxa7 $2 h3 $17) 31... Rh8) 31. c6+ Kg7 {[%mdl 1024] Black has compensation.} 32. Qa4 Rh8 (32... h3 $15 33. g3 Rd6) 33. Bg4 $11 {With the idea Bxf5.} h3 {( -> ...hxg2+)} 34. g3 Ne4 $132 {[%mdl 2048] Black is not keeping still} 35. Nxe4 Bxe4+ 36. f3 Bd3 $2 {[%mdl 8192]} (36... Bg6 $1 $11) 37. Bxe6 $18 Rd6 (37... Bc4 $142 38. e4 Kh6) 38. Qg4+ {White is clearly winning.} Kf8 39. Qf4 Ke7 {[#]} 40. Bxd5 $1 {[%mdl 576] Pin. Accuracy: White = 43%, Black = 24%.} 1-0

[Event "Fredericia WIM 2019"]
[Site "Fredericia"]
[Date "2019.05.31"]
[Round "4.7"]
[White "Mayrhuber, Nikola"]
[Black "Kanakova, Natalie"]
[Result "0-1"]
[WhiteElo "1985"]
[BlackElo "2205"]
[Annotator "TA"]
[PlyCount "64"]
[EventDate "2019.05.29"]
[EventType "tourn"]
[EventCountry "DEN"]
[SourceTitle "playchess.com"]
[Source "ChessBase"]
[SourceQuality "1"]

{[%evp 20,64,40,42,46,38,48,34,21,22,35,44,50,-79,-79,-135,-130,-138,-129,-135,-115,-118,-148,-133,-129,-283,-299,-293,-250,-294,-299,-300,-271,-325,-318,-303,-263,-317,-236,-446,-285,-397,-327,-326,-320,-713,-703]} 1. d4 Nf6 2. c4 e6 3. Nf3 c5 4. d5 exd5 5. cxd5 d6 6. g3 g6 7. Bg2 Bg7 8. O-O O-O 9. Nc3 Re8 10. Bf4 a6 11. a4 Bf5 {A62: Modern Benoni: Fianchetto Variation without early ...Nbd7} 12. Nd2 (12. Nh4 Bc8 {½-½ (15) Ding,L (2777)-Vachier Lagrave,M (2789) Riadh 2017}) 12... Nh5 13. e4 Nxf4 {White is slightly better.} 14. gxf4 Bc8 $1 15. Nc4 Qf6 16. e5 $146 (16. Qf3 $14 {stays ahead.}) ({Predecessor:} 16. Qf3 Nd7 17. Rfe1 Rb8 18. a5 b5 19. axb6 Nxb6 {½-½ (31) Anikonov,D (2371)-Levin,E (2516) St Petersburg 2018}) 16... Qxf4 $17 17. Ne4 (17. Re1 $142 Bxe5 18. Nxe5 Rxe5 19. Rxe5 dxe5 20. d6) 17... Bxe5 ({And not} 17... dxe5 18. Ned6 $14) 18. Nxe5 Rxe5 $40 {[%mdl 128] Black is out for blood.} 19. Qf3 Qxf3 20. Bxf3 Bh3 21. Rfe1 Nd7 22. Nxd6 $2 (22. Re3 $17) 22... Rg5+ $19 23. Kh1 Ne5 24. Ne4 Nxf3 {[%csl Gg5][%cal Rh3g2][%mdl 64] [#] Discovered Attack} 25. Nxg5 Nxg5 26. f4 Nf3 27. Re3 Bf5 28. Rc1 Rc8 29. d6 $2 (29. Rxf3 Be4 {[%mdl 64] Double Attack} 30. Kg2) 29... Rd8 30. Rxc5 Rxd6 {[#] Threatens to win with ...Bh3.} 31. Rxf3 Be4 32. Kg2 $2 (32. Rcc3) 32... Rd3 {[%mdl 64] Pin. Accuracy: White = 35%, Black = 67%.} 0-1

[Event "Fredericia WIM 2019"]
[Site "Fredericia"]
[Date "2019.05.31"]
[Round "4.8"]
[White "Sucikova, Svetlana"]
[Black "Kubicka, Anna"]
[Result "1/2-1/2"]
[WhiteElo "2110"]
[BlackElo "2142"]
[Annotator "TA"]
[PlyCount "129"]
[EventDate "2019.05.29"]
[EventType "tourn"]
[EventCountry "DEN"]
[SourceTitle "playchess.com"]
[Source "ChessBase"]
[SourceQuality "1"]

{[%evp 9,129,-16,-14,-18,0,0,0,10,10,-48,-21,-18,-18,-23,-20,-29,0,-76,-8,-2,-4,-33,-30,-40,-48,-43,-48,-44,-46,-125,-118,-113,-8,-5,-6,-3,-25,-27,28,0,83,77,462,498,498,498,498,498,491,454,497,462,587,566,587,584,557,541,722,723,713,656,666,656,760,743,735,721,721,637,576,223,237,240,235,207,192,114,225,237,267,277,265,254,220,191,241,239,197,166,166,166,166,166,163,145,580,580,580,580,580,576,826,818,791,681,1118,878,759,357,357,0,0,0,0,0,0,0,0,0,0,0]} 1. e3 e5 2. b3 d5 3. Bb2 Bd6 4. c4 c6 (4... Nf6 5. cxd5 Nxd5 6. d3 Nc6 7. Nd2 O-O 8. Ngf3 Qe7 9. Be2 f6 10. O-O Ba3 11. Bxa3 Qxa3 12. Qc1 {½-½ (28) Punzon Moraleda,J (2486)-Noble,M (2560) ICCF email 2012}) 5. cxd5 cxd5 6. Nc3 {A01: Nimzowitsch-Larsen Opening} Nf6 7. Nb5 O-O 8. Nxd6 Qxd6 9. Ne2 (9. Nf3 $11) 9... Nc6 (9... d4 $5) 10. Ng3 Bg4 $146 {[%mdl 2048] Black has some pressure.} ({Predecessor:} 10... Re8 11. Be2 a5 12. O-O {1-0 (25) Szakony,L (2192)-Paksa,R (2227) Hungary 2000}) 11. Be2 Bxe2 12. Qxe2 d4 13. e4 (13. O-O $11) 13... Nb4 (13... g6 $17) 14. O-O $11 g6 15. Ba3 (15. f4 $5) 15... a5 16. Qb5 Rfc8 17. Rac1 b6 18. f3 Nd7 19. Qe2 (19. Nh1 $15) 19... d3 $17 20. Qe3 Rc2 (20... Nc5 $17 21. Rc4 Ne6) 21. Rxc2 $1 $11 dxc2 22. Rc1 $1 Rc8 23. Ne2 Rc6 ({Black should play} 23... Nf8) 24. d4 exd4 (24... Rc8 $11 {remains equal.}) 25. Nxd4 $16 Qc5 $2 {[%mdl 8192]} (25... Rc5 $16 {is tougher.}) 26. Bxb4 $1 $18 axb4 27. Rxc2 Qxc2 28. Nxc2 Rxc2 {[%mdl 4096] Endgame KQ-KRN} 29. Qd3 Rc1+ 30. Kf2 Ne5 31. Qd8+ Kg7 32. Qd4 f6 33. Kg3 h5 34. Qxb4 g5 35. Qe7+ Kg6 36. Qe8+ Kh6 37. Qh8+ Kg6 38. Qg8+ Kh6 39. h4 gxh4+ 40. Kf4 $2 (40. Kh2) 40... Ng6+ 41. Ke3 Rc2 42. a4 $1 {[%cal Ba2a4,Ba4a5,Ba5a6,Ba6a7][%mdl 32]} Rxg2 {[#] White should prevent ...h3.} 43. Qe6 ({Better is} 43. Qc8 $1 $18) 43... Re2+ (43... Rg3 $16 44. Kf2 (44. Qxb6 h3 $14) 44... Rg2+ 45. Kf1 Rg3) 44. Kd4 Rd2+ 45. Kc4 Rf2 46. Qxb6 ({But not} 46. Qxf6 $6 h3 $18) 46... Rxf3 47. a5 {a6 is the strong threat.} h3 48. Qg1 Ne5+ 49. Kb4 {Strongly threatening a6.} Rf2 50. Ka3 h2 51. Qc1+ ({Inferior is} 51. Qxf2 h1=Q $11) 51... Kg6 52. a6 {Hoping for a7.} Nd3 $2 {[%mdl 8192] [#]} (52... Nc6 $16 {is a better chance.} 53. Qe1 h4) 53. Qh1 $1 Rc2 {White must now prevent ...Rc1.} 54. a7 Nc1 {and the idea ...Ra2+ leaves Black hopeful.} 55. Kb4 Nd3+ 56. Kb5 Ra2 57. Kb6 Kh6 {[#]} 58. b4 $1 {[%mdl 576] Promotion} Nxb4 59. Kb7 (59. Qf3 $142) 59... Nd3 60. Kb8 $2 ({White should try} 60. a8=R $18 Nc5+ 61. Kc6 Rxa8 62. Kxc5) 60... Rb2+ $11 {The position is equal.} 61. Kc8 Rc2+ 62. Kd8 Ra2 63. Kc8 Rxa7 {And now ...Ra2 would win.} 64. Qxh2 {aiming for Qd2+.} Ne5 65. Qf2 {Accuracy: White = 59%, Black = 47%.} 1/2-1/2